| 000 | 00748nam2a2200229 4500 | ||
|---|---|---|---|
| 001 | RU\NLR\BIBL_A\022596228 | ||
| 005 | 20250810082128.0 | ||
| 035 | _a(NLR Aleph) 022596228 | ||
| 090 |
_a13462135 _c13462135 |
||
| 100 | _a20250805d1977 u y0rusy50 ca | ||
| 101 | 0 | _ahau | |
| 102 | _aRU | ||
| 105 | _aa z 001ay | ||
| 200 | 1 |
_aKundi na biyu _eКак закалялась сталь. Книга 2-я _fN. Ostrovski _v2 _zrus _6a01 |
|
| 210 |
_aMosko _cGidan Shirya Littafai "Progress" _d1977 |
||
| 215 |
_a321 с. _d16 см. |
||
| 461 | 0 |
_1001RU\NLR\BIBL_A\022596207 _12001#$aYadda namijin ƙarfe ya taurara. Ƙagaggen labari a kundaye biyu$v2 |
|
| 852 |
_aNLR _bОЛСАА-афр _j2-557/2 |
||
| 942 | _cBOOK | ||
| 980 | 1 | _aAFR | |
| 980 | _aNB | ||